Statistiques concernant Culture Générale - Série 55

Cliquez ici pour prendre le quiz!

Statistiques générales

  • Ce quiz a été pris 186 fois
  • Le résultat moyen est 3 sur 10

Statistiques - réponses

QuestionRéponse% Correct
Qu'est-ce qu'une tarentule ?Araignée
95%
Quel nom porte le bouclier qui récompense l'équipe championne de France de rugby à XV ?Brennus
65%
Le cinquième travail d'Hercule (Héraclès) fut de nettoyer les écuries d'..... ?.Augias
55%
Que nom porte le récipient servant à faire fondre les métaux ?Creuset
14%
Quel est le prénom de son créateur ?Charles
11%
Quel nom donne-t-on à un ancien chat domestique retourné à l'état sauvage et vivant dans les forêts ?Haret
9%
Quel est cet animal originaire d'Ouzbékistan, appelé Karakul ou Caracul ?Mouton
7%
Comment appelle-t-on une terre déboisée et défrichée ?Essart
6%
Quel est l'autre nom utilisé pour désigner le chêne vert ?Yeuse
6%
Quel nom porte la chaise longue en bois et toile, sans accoudoirs ?Chilienne
5%

Distribution des résultats

Percentile par nombre de réponses

% des personnes avec chaque résultat

Votre développement - résultats

Vous n’avez pas pris ce quiz